| 000 | 01073nam a2200277Ia 4500 | ||
|---|---|---|---|
| 001 | ebr10052735 | ||
| 003 | CaPaEBR | ||
| 006 | m u | ||
| 007 | cr cn||||||||| | ||
| 008 | 000815s2002 enk s 000 0 eng d | ||
| 020 | _z0861767063 | ||
| 040 |
_aCaPaEBR _cCaPaEBR |
||
| 035 | _a(OCoLC)133163331 | ||
| 050 | 1 | 4 |
_aHF5549.5.C35 _bT73 2002eb |
| 245 | 0 | 0 |
_aTransitions from school to work _h[electronic resource] / _cguest editor Stefan Wolter. |
| 260 |
_aBradford, England : _bEmerald Group Publishing, _cc2002. |
||
| 300 | _a77 p. | ||
| 490 | 0 |
_aEducation + training ; _vv.44, no. 4/5 |
|
| 533 |
_aElectronic reproduction. _bPalo Alto, Calif. : _cebrary, _d2009. _nAvailable via World Wide Web. _nAccess may be limited to ebrary affiliated libraries. |
||
| 650 | 0 | _aCareer development. | |
| 650 | 0 |
_aEmployees _xTraining of. |
|
| 655 | 7 |
_aElectronic books. _2local |
|
| 700 | 1 | _aWolter, Stefan. | |
| 710 | 2 | _aebrary, Inc. | |
| 856 | 4 | 0 |
_uhttp://site.ebrary.com/lib/rucke/Doc?id=10052735 _zAn electronic book accessible through the World Wide Web; click to view |
| 999 |
_c65604 _d65604 |
||